[Event "PNWCC Super G60 2021.03 Gp1"]
[Site "chess.com INT"]
[Date "2021.03.27"]
[Round "2.3"]
[White "Talukdar, Rohan"]
[Black "Meshkovs, Nikita"]
[Result "0-1"]
[WhiteElo "2341"]
[BlackElo "2568"]
[PlyCount "182"]
[EventDate "2021.03.27"]
[EventType "swiss (rapid)"]
[EventRounds "6"]
[EventCountry "NET"]
[Source "Mark Crowther"]
[SourceDate "2021.03.29"]

1. e4 e5 2. Nf3 Nc6 3. Bb5 a6 4. Ba4 Nf6 5. O-O Nxe4 6. d4 b5 7. Bb3 d5 8. dxe5
Be6 9. Be3 Be7 10. c3 Nc5 11. h3 O-O 12. Nbd2 Nd3 13. Bc2 Ndxe5 14. Nxe5 Nxe5
15. Bxh7+ Kxh7 16. Qh5+ Kg8 17. Qxe5 Bd6 18. Qh5 c5 19. Nf3 Qf6 20. Rad1 g6 21.
Qh6 Rfe8 22. Bg5 Qh8 23. Qxh8+ Kxh8 24. Bf6+ Kg8 25. Ng5 Rac8 26. f4 d4 27. Ne4
Be7 28. cxd4 cxd4 29. Bxd4 Bxa2 30. Nf6+ Bxf6 31. Bxf6 Rc6 32. Bc3 f6 33. Rfe1
Rxe1+ 34. Rxe1 Kf7 35. Kf2 Rc4 36. Ra1 Rxf4+ 37. Ke3 Ra4 38. g4 f5 39. gxf5
gxf5 40. Kf2 Ke6 41. h4 Kf7 42. h5 a5 43. h6 Kg6 44. Bd2 Kh7 45. Rg1 f4 46. Rg4
Be6 47. Rg5 Rc4 48. Rxb5 Rc2 49. Ke1 f3 50. Rb7+ Kg6 51. Rb6 Kf5 52. h7 f2+ 53.
Kxf2 Rxd2+ 54. Ke3 Rh2 55. Rb5+ Kf6 56. Rxa5 Rxh7 57. Kd4 Rh4+ 58. Kc3 Rh3+ 59.
Kc2 Bb3+ 60. Kd2 Ke6 61. Rb5 Bd5 62. Rb4 Ke5 63. Kc2 Be4+ 64. Kd2 Rd3+ 65. Kc1
Rg3 66. Kd2 Rg2+ 67. Kc3 Rc2+ 68. Kb3 Rc8 69. Rb5+ Kd4 70. Rb4+ Kd5 71. Rb5+
Kd6 72. Kb4 Bd5 73. Rb6+ Bc6 74. b3 Ra8 75. Kc3 Kc5 76. Rb4 Bd5 77. Ra4 Rh8 78.
Ra5+ Kd6 79. Ra6+ Ke5 80. Kb2 Rb8 81. Ra3 Kd4 82. Ra4+ Kd3 83. b4 Bc4 84. Ka3
Kc3 85. Ra5 Rh8 86. Rg5 Rh1 87. Rg3+ Bd3 88. Ka2 Rh6 89. Rg5 Rh2+ 90. Ka3 Rh1
91. Ka2 Bc4+ 0-1

[Event "PNWCC Super G60 2021.03 Gp1"]
[Site "chess.com INT"]
[Date "2021.03.27"]
[Round "3.3"]
[White "Fridman, D."]
[Black "Talukdar, Rohan"]
[Result "1-0"]
[WhiteElo "2601"]
[BlackElo "2341"]
[PlyCount "117"]
[EventDate "2021.03.27"]
[EventType "swiss (rapid)"]
[EventRounds "6"]
[EventCountry "NET"]
[Source "Mark Crowther"]
[SourceDate "2021.03.29"]

1. c4 Nf6 2. Nc3 d5 3. cxd5 Nxd5 4. Nf3 g6 5. e4 Nxc3 6. dxc3 Qxd1+ 7. Kxd1 f6
8. h4 e5 9. h5 g5 10. Nh2 Bc5 11. Be2 Be6 12. Bg4 Bf7 13. Bc8 Nd7 14. Bxb7 Rb8
15. Bc6 Bxh5+ 16. Ke1 Ke7 17. b4 Bd6 18. Nf1 Bg6 19. Ne3 Rbd8 20. Nf5+ Bxf5 21.
exf5 h5 22. a4 Nb8 23. Be4 h4 24. Be3 a6 25. Ke2 c6 26. Kf3 Rc8 27. g3 hxg3 28.
fxg3 Kd7 29. Bb6 Rcg8 30. Rad1 Ke7 31. a5 Rc8 32. Ba7 Rcg8 33. Kg4 Rc8 34. Rxh8
Rxh8 35. Kf3 Bc7 36. Bc5+ Kf7 37. Bxc6 Rh2 38. Be4 Ke8 39. Bd6 Kd7 40. Bxe5+
Kc8 41. Bxf6 Nd7 42. Bb7+ Kxb7 43. Rxd7 Kc6 44. Rd3 Rh1 45. Bxg5 Be5 46. Kg4
Rf1 47. Rf3 Rxf3 48. Kxf3 Bxc3 49. Be7 Kd7 50. Bc5 Bf6 51. Kf4 Kc6 52. g4 Kd5
53. g5 Be5+ 54. Kg4 Bg7 55. f6 Bh8 56. Kf5 Kc4 57. g6 Kb5 58. g7 Bxg7 59. fxg7
1-0

[Event "PNWCC Super G60 2021.03 Gp1"]
[Site "chess.com INT"]
[Date "2021.03.28"]
[Round "4.8"]
[White "Talukdar, Rohan"]
[Black "Tanenbaum, Zachary"]
[Result "1-0"]
[WhiteElo "2341"]
[BlackElo "2137"]
[PlyCount "49"]
[EventDate "2021.03.27"]
[EventType "swiss (rapid)"]
[EventRounds "6"]
[EventCountry "NET"]
[Source "Mark Crowther"]
[SourceDate "2021.03.29"]

1. e4 e5 2. Nf3 Nc6 3. Bb5 a6 4. Ba4 d6 5. O-O Nf6 6. Re1 Be7 7. c3 O-O 8. d3
b5 9. Bc2 Bb7 10. Nbd2 Nb8 11. Nf1 Nbd7 12. Ng3 Re8 13. d4 Bf8 14. a4 g6 15.
Bd3 c6 16. Bg5 Bg7 17. Qd2 Qe7 18. h4 h5 19. Nh2 Qf8 20. f4 Nh7 21. dxe5 dxe5
22. f5 Nxg5 23. hxg5 Qd6 24. fxg6 fxg6 25. Bc4+ 1-0

[Event "PNWCC Super G60 2021.03 Gp1"]
[Site "chess.com INT"]
[Date "2021.03.28"]
[Round "5.7"]
[White "Porter, Ry"]
[Black "Talukdar, Rohan"]
[Result "1/2-1/2"]
[WhiteElo "2241"]
[BlackElo "2341"]
[PlyCount "68"]
[EventDate "2021.03.27"]
[EventType "swiss (rapid)"]
[EventRounds "6"]
[EventCountry "NET"]
[Source "Mark Crowther"]
[SourceDate "2021.03.29"]

1. c4 Nf6 2. Nf3 g6 3. g3 Bg7 4. d4 c6 5. Nc3 d5 6. Qb3 O-O 7. Bg2 Qb6 8. O-O
Rd8 9. Bd2 dxc4 10. Qxc4 Be6 11. Qa4 Na6 12. Qa3 Qb4 13. Qxb4 Nxb4 14. Rfc1 Ne8
15. a3 Na6 16. e3 Nd6 17. b4 Nc7 18. Na4 Bd5 19. Bc3 Ncb5 20. Nd2 Nxc3 21. Nxc3
Bxg2 22. Kxg2 e5 23. d5 cxd5 24. Nxd5 e4 25. Ra2 Nb5 26. Nf4 a5 27. bxa5 Rxa5
28. Nxe4 Rxa3 29. Rxa3 Nxa3 30. Rc7 Rb8 31. Nd5 b5 32. Nc5 Be5 33. Ra7 Nc4 34.
Nd7 Rd8 1/2-1/2

[Event "PNWCC Super G60 2021.03 Gp1"]
[Site "chess.com INT"]
[Date "2021.03.28"]
[Round "6.5"]
[White "Talukdar, Rohan"]
[Black "Tarjan, J."]
[Result "1/2-1/2"]
[WhiteElo "2341"]
[BlackElo "2381"]
[PlyCount "165"]
[EventDate "2021.03.27"]
[EventType "swiss (rapid)"]
[EventRounds "6"]
[EventCountry "NET"]
[Source "Mark Crowther"]
[SourceDate "2021.03.29"]

1. e4 e5 2. Nf3 Nc6 3. Bb5 a6 4. Ba4 Nf6 5. O-O Be7 6. Re1 b5 7. Bb3 d6 8. c3
O-O 9. d4 Bg4 10. Be3 exd4 11. cxd4 Na5 12. Bc2 c5 13. h3 cxd4 14. Bxd4 Bh5 15.
g4 Bg6 16. Nc3 Rc8 17. Rc1 Nc4 18. b3 Ne5 19. Nxe5 dxe5 20. Bxe5 Ba3 21. Qxd8
Rfxd8 22. Rcd1 Rxd1 23. Bxd1 Bb4 24. Re3 Bxc3 25. Rxc3 Rxc3 26. Bxc3 Bxe4 27.
b4 Nd5 28. Bd2 Kf8 29. f3 Bd3 30. Kf2 Ke7 31. f4 f5 32. g5 Kd6 33. h4 g6 34. h5
Bc4 35. a3 Bd3 36. h6 Be4 37. Kg3 Kc6 38. Bc1 Kd6 39. Bb2 Ke6 40. Bd4 Bd3 41.
Bb3 Bc4 42. Bc2 Ne7 43. Kf3 Nd5 44. Be5 Kf7 45. Kf2 Ke6 46. Bd1 Kf7 47. Bf3 Ke6
48. Ke1 Kf7 49. Kd2 Ke6 50. Bg2 Kf7 51. Bh1 Ke6 52. Bf3 Kf7 53. Bd1 Ke6 54. Bc2
Kf7 55. Bb1 Ke6 56. Bc2 Kf7 57. Bd1 Ke6 58. Bf3 Kf7 59. Ke1 Ke6 60. Kf2 Kf7 61.
Bd1 Ke6 62. Kf3 Kf7 63. Bc2 Ke6 64. Bd4 Kf7 65. Bh8 Ke6 66. Be5 Kf7 67. Bd4 Ke6
68. Kg3 Kf7 69. Bd1 Ke6 70. Bf3 Kf7 71. Be5 Ke6 72. Kf2 Kf7 73. Bd1 Ke6 74. Bc2
Kf7 75. Bb1 Ke6 76. Kf3 Kf7 77. Kg3 Ke6 78. Bd4 Kf7 79. Bg7 Ke6 80. Be5 Kf7 81.
Bc2 Ke6 82. Kf2 Kf7 83. Bd1 1/2-1/2

[Event "PNWCC Super G60 Feb Gp1"]
[Site "chess.com INT"]
[Date "2021.02.27"]
[Round "1.2"]
[White "Talukdar, Rohan"]
[Black "Kovalenko, I."]
[Result "0-1"]
[WhiteElo "2341"]
[BlackElo "2643"]
[PlyCount "132"]
[EventDate "2021.02.27"]
[EventType "swiss"]
[EventRounds "6"]
[EventCountry "NET"]
[Source "Mark Crowther"]
[SourceDate "2021.03.01"]

1. e4 d5 2. exd5 Qxd5 3. Nc3 Qd6 4. d4 g6 5. Bc4 Bg7 6. Nge2 Nf6 7. Bf4 Qd8 8.
Qd2 a6 9. a4 Nc6 10. O-O O-O 11. Bb3 b6 12. d5 Nb4 13. Rfd1 Bb7 14. a5 bxa5 15.
Rxa5 c6 16. dxc6 Nxc6 17. Raa1 Qc8 18. Na4 Qf5 19. Qd3 Qh5 20. Ng3 Qh4 21. Bc7
Rac8 22. Bb6 Ne5 23. Qe2 Nfg4 24. h3 Nf3+ 25. gxf3 Qxh3 26. Bd5 Qh2+ 27. Kf1
Bxd5 28. Rxd5 Nf6 29. Rd3 Nh5 30. Be3 Be5 31. Ke1 Nxg3 32. fxg3 Bxg3+ 33. Kf1
Rxc2 34. Qxh2 Rxh2 35. Bg1 Rc2 36. Rc3 Rd2 37. Rac1 Be5 38. R3c2 Rd3 39. Ke2
Rd6 40. Rc8 h5 41. Rxf8+ Kxf8 42. Be3 Kg7 43. b4 h4 44. Nc5 f5 45. Bg5 Bf6 46.
Bxf6+ exf6 47. Ra1 Rb6 48. Nxa6 g5 49. Ra4 Kg6 50. Nc5 g4 51. Kf2 Kg5 52. Nd3
Rc6 53. Ra2 Rc3 54. f4+ Kh5 55. Ke3 h3 56. Ra8 Kh4 57. Kd4 Rb3 58. Kc4 Rb1 59.
b5 h2 60. Rh8+ Kg3 61. Nb4 h1=Q 62. Rxh1 Rxh1 63. b6 Kxf4 64. b7 Rh8 65. Nc6 g3
66. Kd3 g2 0-1

[Event "PNWCC Super G60 Feb Gp1"]
[Site "chess.com INT"]
[Date "2021.02.27"]
[Round "2.11"]
[White "Yan, Ruiyang"]
[Black "Talukdar, Rohan"]
[Result "0-1"]
[WhiteElo "2093"]
[BlackElo "2341"]
[PlyCount "70"]
[EventDate "2021.02.27"]
[EventType "swiss"]
[EventRounds "6"]
[EventCountry "NET"]
[Source "Mark Crowther"]
[SourceDate "2021.03.01"]

1. e4 c5 2. Nf3 d6 3. d4 cxd4 4. Nxd4 Nf6 5. Nc3 a6 6. g3 e5 7. Nde2 Be7 8. Bg2
O-O 9. O-O b5 10. Nd5 Nxd5 11. Qxd5 Ra7 12. Be3 Rb7 13. b3 Nd7 14. Qd2 Nf6 15.
h3 Qc7 16. Rfc1 Be6 17. f4 g6 18. Rf1 Qc6 19. f5 Bc8 20. Bg5 Rc7 21. Bxf6 Bxf6
22. Rac1 Kg7 23. Kh2 h6 24. h4 g5 25. c4 Qb6 26. cxb5 Rxc1 27. Rxc1 axb5 28. h5
b4 29. Rc4 Ba6 30. Rxb4 Qf2 31. Qxd6 Bxe2 32. Qd2 Rd8 33. Qc2 Rd1 34. Rb7 Qg1+
35. Kh3 g4# 0-1

[Event "PNWCC Super G60 Feb Gp1"]
[Site "chess.com INT"]
[Date "2021.02.27"]
[Round "3.4"]
[White "Talukdar, Rohan"]
[Black "Fridman, D."]
[Result "1-0"]
[WhiteElo "2341"]
[BlackElo "2601"]
[PlyCount "109"]
[EventDate "2021.02.27"]
[EventType "swiss"]
[EventRounds "6"]
[EventCountry "NET"]
[Source "Mark Crowther"]
[SourceDate "2021.03.01"]

1. e4 e5 2. Nf3 Nf6 3. Nxe5 d6 4. Nf3 Nxe4 5. c4 Nc6 6. d3 Nf6 7. d4 d5 8. c5
g6 9. Bb5 Bg7 10. O-O O-O 11. h3 Ne4 12. Nc3 Bf5 13. Bxc6 bxc6 14. Qa4 Qd7 15.
Nxe4 dxe4 16. Ne5 Qd5 17. Nxc6 Rfe8 18. Be3 Bd7 19. Nb4 Qxd4 20. Qa5 Qxb2 21.
Rab1 Qe5 22. Rfd1 Be6 23. Nc6 Qf6 24. Bd4 Qg5 25. Be3 Qf6 26. Bd4 Qg5 27. Be3
Qh4 28. Qxc7 Rac8 29. Qb7 Bxa2 30. Nxa7 Ra8 31. Rb4 Qh5 32. Rc1 Bh6 33. Bxh6
Qxh6 34. Ra1 Qf8 35. Ra4 Rab8 36. Qc7 Bb1 37. c6 Qc5 38. Qf4 g5 39. Qe3 Qxe3
40. fxe3 Re7 41. Ra5 Bd3 42. Rxg5+ Kf8 43. Rd5 Ra8 44. Rd7 Rxd7 45. cxd7 Rd8
46. Nc6 Rxd7 47. Nd4 Rd5 48. Kf2 h5 49. g4 hxg4 50. hxg4 Rd8 51. Kg3 Rc8 52.
Kf4 Kg7 53. Nf5+ Kg6 54. Rh1 f6 55. Ne7+ 1-0

[Event "PNWCC Super G60 Feb Gp1"]
[Site "chess.com INT"]
[Date "2021.02.28"]
[Round "4.3"]
[White "Talukdar, Rohan"]
[Black "Kobo, Ori"]
[Result "1/2-1/2"]
[WhiteElo "2341"]
[BlackElo "2460"]
[PlyCount "109"]
[EventDate "2021.02.27"]
[EventType "swiss"]
[EventRounds "6"]
[EventCountry "NET"]
[Source "Mark Crowther"]
[SourceDate "2021.03.01"]

1. e4 c5 2. Nf3 d6 3. d4 cxd4 4. Nxd4 Nf6 5. Nc3 Nc6 6. f3 e5 7. Nb3 Be7 8. Be3
O-O 9. Qd2 Be6 10. Rd1 Nb8 11. Bd3 Nbd7 12. O-O Nb6 13. Qf2 Nc4 14. Bxc4 Bxc4
15. Rfe1 Qb8 16. Nd5 Bxd5 17. exd5 Rc8 18. h3 Qc7 19. c3 Qc4 20. Qf1 Qa4 21.
Nc1 Nh5 22. g4 Nf4 23. Bxf4 Qxf4 24. Re4 Qg3+ 25. Qg2 Qh4 26. Nd3 Bg5 27. Rde1
a5 28. R1e2 Qh6 29. Qg3 Bh4 30. Qg2 g6 31. f4 exf4 32. Nxf4 b5 33. Nd3 Rf8 34.
Kh2 Kh8 35. Qg1 Bf6 36. Qe3 Bg5 37. Qd4+ Kg8 38. Qb6 b4 39. Qxd6 bxc3 40. bxc3
Rfd8 41. Qc5 Qg7 42. d6 Bf6 43. c4 Qf8 44. g5 Rxd6 45. Nf4 Bg7 46. Nd5 Rdd8 47.
Re7 Rac8 48. Qb5 Bd4 49. R2e4 Bc5 50. Nf6+ Kg7 51. Re8 Rxe8 52. Nxe8+ Kg8 53.
Nf6+ Kg7 54. Ne8+ Kg8 55. Nf6+ 1/2-1/2

[Event "PNWCC Super G60 Feb Gp1"]
[Site "chess.com INT"]
[Date "2021.02.28"]
[Round "5.5"]
[White "Iskandarov, M."]
[Black "Talukdar, Rohan"]
[Result "1/2-1/2"]
[WhiteElo "2535"]
[BlackElo "2341"]
[PlyCount "150"]
[EventDate "2021.02.27"]
[EventType "swiss"]
[EventRounds "6"]
[EventCountry "NET"]
[Source "Mark Crowther"]
[SourceDate "2021.03.01"]

1. e4 c5 2. Nf3 d6 3. Bb5+ Nd7 4. a4 Ngf6 5. Nc3 g6 6. O-O Bg7 7. a5 a6 8. Bc4
O-O 9. Re1 Ng4 10. d4 cxd4 11. Nxd4 Nge5 12. Bf1 Nc6 13. Nb3 Nde5 14. f4 Bg4
15. Qd2 Nd7 16. f5 Nde5 17. Qf2 e6 18. h3 exf5 19. Bf4 Bh5 20. exf5 gxf5 21.
Nd5 Re8 22. Qg3 Kh8 23. Bg5 f6 24. Be3 Rg8 25. Bb6 Qf8 26. Kh1 Qf7 27. Nf4 Bh6
28. Qh4 Bxf4 29. Qxf4 Rg5 30. Bf2 Rag8 31. Nd2 Nd8 32. Ra3 Ne6 33. Qh2 f4 34.
Ne4 R5g6 35. Nxd6 Qc7 36. Ne4 Qxc2 37. Bh4 Qxb2 38. Bxf6+ Rxf6 39. Nxf6 Qxa3
40. Rxe5 Qa1 41. Rxe6 Qxf1+ 42. Qg1 Qxg1+ 43. Kxg1 Rg5 44. Re7 Bg6 45. Rxb7
Rxa5 46. Ra7 f3 47. gxf3 Rf5 48. Rxa6 Rxf3 49. Kg2 Rf5 50. Kg3 Kg7 51. Ng4 Rf7
52. Ne5 Rb7 53. Nc6 Rb3+ 54. Kg4 Rb7 55. Nd4 Re7 56. Ne6+ Kf7 57. Nf4 Kg7 58.
h4 Re4 59. h5 Bf7 60. Kf5 Rb4 61. h6+ Kf8 62. Ra8+ Ke7 63. Ra7+ Kf8 64. Ra5 Rb1
65. Kf6 Rb6+ 66. Kg5 Rb1 67. Rc5 Ke7 68. Rc7+ Kf8 69. Nd3 Rg1+ 70. Kf4 Rf1+ 71.
Ke5 Rh1 72. Rc8+ Ke7 73. Rc7+ Kf8 74. Rc8+ Ke7 75. Rc7+ Kf8 1/2-1/2

[Event "PNWCC Super G60 Feb Gp1"]
[Site "chess.com INT"]
[Date "2021.02.28"]
[Round "6.6"]
[White "Tarjan, J."]
[Black "Talukdar, Rohan"]
[Result "1/2-1/2"]
[WhiteElo "2381"]
[BlackElo "2341"]
[PlyCount "140"]
[EventDate "2021.02.27"]
[EventType "swiss"]
[EventRounds "6"]
[EventCountry "NET"]
[Source "Mark Crowther"]
[SourceDate "2021.03.01"]

1. e4 c5 2. Nf3 d6 3. c3 Nf6 4. h3 g6 5. Bd3 Bg7 6. Bc2 e5 7. d4 Qe7 8. O-O O-O
9. Re1 Nc6 10. Nbd2 h6 11. Nf1 Re8 12. d5 Nd8 13. b4 b6 14. bxc5 bxc5 15. Rb1
Rf8 16. Ne3 Nh5 17. Nc4 Qc7 18. Be3 Rb8 19. Rxb8 Qxb8 20. Qb1 Qc7 21. Qb5 Nb7
22. Rb1 f5 23. Qc6 Rf7 24. Qxc7 Rxc7 25. Bc1 Nf6 26. Nfd2 Kf8 27. f3 Ke7 28.
Ba4 h5 29. Bc2 Bh6 30. Nb3 Bxc1 31. Rxc1 Bd7 32. Nba5 Nd8 33. Nxd6 Nxd5 34.
exd5 Kxd6 35. Nc4+ Kxd5 36. Bb3 Ke6 37. Rd1 Kf6 38. Rd6+ Ne6 39. Ne3 Ke7 40.
Ra6 Kf7 41. Nc4 Ke7 42. Nxe5 Bc8 43. Rc6 Rxc6 44. Nxc6+ Kd6 45. Nxa7 Ba6 46. a4
c4 47. Bd1 Kc5 48. Be2 Kb6 49. Nb5 Bxb5 50. axb5 Kxb5 51. Kf2 Nf4 52. Bf1 Nd5
53. Kg3 Kc5 54. Kh4 Nxc3 55. Kg5 Nd5 56. Bxc4 Kxc4 57. Kxg6 f4 58. Kxh5 Ne3 59.
Kg5 Nxg2 60. h4 Kd5 61. h5 Ke6 62. Kg6 Nh4+ 63. Kg5 Ng2 64. Kg6 Nh4+ 65. Kg5
Nxf3+ 66. Kxf4 Ne5 67. h6 Kf6 68. h7 Ng6+ 69. Ke4 Kg7 70. h8=Q+ Nxh8 1/2-1/2

[Event "PNWCC PDT Section 2"]
[Site "chess.com INT"]
[Date "2021.01.30"]
[Round "1.12"]
[White "Tang, Austin"]
[Black "Talukdar, Rohan"]
[Result "0-1"]
[WhiteElo "1509"]
[BlackElo "2341"]
[PlyCount "52"]
[EventDate "2021.01.30"]
[EventType "swiss"]
[EventRounds "3"]
[EventCountry "NET"]
[Source "Mark Crowther"]
[SourceDate "2021.02.08"]

1. e4 c5 2. Nf3 d6 3. d4 cxd4 4. Nxd4 Nf6 5. Nc3 a6 6. Be2 e5 7. Nb3 Be7 8. O-O
O-O 9. Kh1 b6 10. a4 Bb7 11. Bf3 Nbd7 12. Be3 Rc8 13. Qe2 Rc7 14. g3 Qa8 15.
Nd2 Rfc8 16. Bg5 h6 17. Bxf6 Nxf6 18. Bg2 d5 19. exd5 Nxd5 20. Nxd5 Bxd5 21. f4
Bxg2+ 22. Qxg2 Qxg2+ 23. Kxg2 Rxc2 24. Rf2 Bc5 25. Re2 Rd8 26. Rd1 Bb4 0-1

[Event "PNWCC PDT Section 2"]
[Site "chess.com INT"]
[Date "2021.01.30"]
[Round "2.11"]
[White "Talukdar, Rohan"]
[Black "Liu, Eric"]
[Result "1-0"]
[WhiteElo "2341"]
[BlackElo "1513"]
[PlyCount "95"]
[EventDate "2021.01.30"]
[EventType "swiss"]
[EventRounds "3"]
[EventCountry "NET"]
[Source "Mark Crowther"]
[SourceDate "2021.02.08"]

1. e4 c5 2. Nc3 a6 3. g3 b6 4. Bg2 Bb7 5. Nh3 g6 6. O-O Bg7 7. f4 d6 8. f5 Nd7
9. d3 Qc7 10. g4 Ne5 11. Nf4 O-O-O 12. Ncd5 Bxd5 13. Nxd5 Qb7 14. c3 Nf6 15.
Nxf6 exf6 16. d4 Nc6 17. Be3 h5 18. g5 fxg5 19. f6 Bf8 20. Bxg5 Bh6 21. Bxh6
Rxh6 22. b4 c4 23. a4 g5 24. Qe2 b5 25. axb5 axb5 26. Qe3 Qb6 27. h4 Rg6 28.
Ra8+ Kc7 29. Rxd8 Nxd8 30. hxg5 Ne6 31. Rf5 Qb7 32. Kh2 Kd7 33. d5 Nf8 34. e5
dxe5 35. Rxe5 Qc7 36. Kh1 Qd6 37. Re7+ Kd8 38. Qa7 Nd7 39. Qa8+ Kc7 40. Qc6+
Qxc6 41. dxc6 Rxg5 42. Rxd7+ Kc8 43. Rxf7 Rg8 44. Bh3+ Kb8 45. c7+ Ka8 46. Bg2+
Ka7 47. c8=Q+ Kb6 48. Qc6# 1-0

[Event "PNWCC PDT Section 2"]
[Site "chess.com INT"]
[Date "2021.01.30"]
[Round "3.11"]
[White "Liu, Patrick"]
[Black "Talukdar, Rohan"]
[Result "0-1"]
[WhiteElo "1386"]
[BlackElo "2341"]
[PlyCount "104"]
[EventDate "2021.01.30"]
[EventType "swiss"]
[EventRounds "3"]
[EventCountry "NET"]
[Source "Mark Crowther"]
[SourceDate "2021.02.08"]

1. c4 Nf6 2. Nf3 g6 3. g3 Bg7 4. Bg2 d5 5. cxd5 Nxd5 6. Nc3 Nb6 7. d3 Nc6 8.
Be3 e5 9. Rc1 Nd4 10. Bxd4 exd4 11. Ne4 O-O 12. O-O Re8 13. Qc2 c6 14. Rfe1 Re7
15. b4 a5 16. a3 Bf5 17. Ned2 axb4 18. axb4 Nd5 19. Qb3 Nc3 20. Bf1 Be6 21. Nc4
b5 22. Ra1 Rxa1 23. Rxa1 bxc4 24. dxc4 d3 25. exd3 Ne2+ 26. Bxe2 Bxa1 27. Qa2
Bd4 28. Bf1 Ra7 29. Qe2 Bg4 30. Qe4 Bxf3 31. Qxf3 Ra2 32. Kg2 Rxf2+ 33. Qxf2
Bxf2 34. Kxf2 Qb6+ 35. Kf3 Qxb4 36. d4 Qc3+ 37. Kg2 Qxd4 38. Be2 Kg7 39. Kf3 f5
40. h4 Kf6 41. Kg2 c5 42. Kf3 Ke5 43. Kg2 Qe3 44. Bf1 Kd4 45. h5 g5 46. h6 f4
47. gxf4 gxf4 48. Kh1 Qe1 49. Kg1 Ke3 50. Kg2 f3+ 51. Kg1 Qf2+ 52. Kh1 Qxf1+
0-1

[Event "PNWCC Super G60 2021.01 Gp1"]
[Site "chess.com INT"]
[Date "2021.01.16"]
[Round "1.6"]
[White "Lenderman, A."]
[Black "Talukdar, Rohan"]
[Result "1-0"]
[WhiteElo "2624"]
[BlackElo "2341"]
[PlyCount "67"]
[EventDate "2021.01.16"]
[EventType "swiss (corr)"]
[EventRounds "6"]
[EventCountry "NET"]
[Source "Mark Crowther"]
[SourceDate "2021.01.18"]

1. d4 Nf6 2. Bg5 d5 3. e3 Nbd7 4. Nf3 g6 5. c4 c6 6. Nc3 Bg7 7. Be2 O-O 8. cxd5
Nxd5 9. Nxd5 cxd5 10. O-O Nf6 11. Qb3 Qb6 12. Rfc1 e6 13. Qxb6 axb6 14. Rc7 Ne8
15. Rc2 f6 16. Bf4 Bd7 17. Rc3 Ra5 18. Rb3 b5 19. a4 Rxa4 20. Rxa4 bxa4 21.
Rxb7 Rf7 22. h4 Bf8 23. Rb8 a3 24. bxa3 Bxa3 25. g4 Kg7 26. g5 Bd6 27. gxf6+
Kxf6 28. Be5+ Ke7 29. Rb7 Kf8 30. Rb6 Bc7 31. Bxc7 Nxc7 32. Rb7 Be8 33. Ng5 Re7
34. Rxc7 1-0

[Event "PNWCC Super G60 2021.01 Gp1"]
[Site "chess.com INT"]
[Date "2021.01.16"]
[Round "2.17"]
[White "Talukdar, Rohan"]
[Black "Maiti, Milind"]
[Result "0-1"]
[WhiteElo "2341"]
[BlackElo "2068"]
[PlyCount "170"]
[EventDate "2021.01.16"]
[EventType "swiss (corr)"]
[EventRounds "6"]
[EventCountry "NET"]
[Source "Mark Crowther"]
[SourceDate "2021.01.18"]

1. e4 c5 2. Nf3 e6 3. d4 cxd4 4. Nxd4 Nc6 5. Nc3 Qc7 6. Be3 a6 7. Qd2 Nf6 8.
O-O-O Be7 9. f3 b5 10. g4 O-O 11. Nxc6 dxc6 12. Qf2 c5 13. h4 Bb7 14. g5 Nd7
15. h5 Ne5 16. Rg1 b4 17. Na4 Rfd8 18. Be2 Rxd1+ 19. Rxd1 c4 20. Kb1 Rd8 21.
Rxd8+ Qxd8 22. f4 Nd7 23. Bxc4 Bxe4 24. Qd2 Bb7 25. g6 Nf6 26. Qxd8+ Bxd8 27.
Nc5 Bd5 28. Bxa6 Nxh5 29. gxh7+ Kxh7 30. Nd3 Be7 31. Bd2 Be4 32. Nxb4 Nxf4 33.
Bxf4 Bxb4 34. a3 Be7 35. b4 g5 36. Bh2 f5 37. Bc4 g4 38. Bxe6 Bh4 39. Bg1 g3
40. Bxf5+ Bxf5 41. a4 Be7 42. b5 Bb4 43. Kc1 Be1 44. Kd1 Ba5 45. Ke2 Bxc2 46.
Kf3 Bc7 47. a5 Bd3 48. b6 Bb8 49. Bc5 Kg6 50. Be7 Ba6 51. Kg2 Kf5 52. Bd8 Kg4
53. Be7 Bb7+ 54. Kg1 Kh3 55. Bc5 g2 56. Kf2 Kh2 57. Ke2 Kh1 58. Kd3 Bh2 59. Kc4
Bg1 60. Bxg1 Kxg1 61. Kb5 Kh1 62. a6 Bxa6+ 63. Kxa6 g1=Q 64. b7 Qa1+ 65. Kb6
Qd4+ 66. Kc7 Qc5+ 67. Kd8 Qd6+ 68. Kc8 Qc6+ 69. Kb8 Kg2 70. Ka7 Qa4+ 71. Kb6
Qb4+ 72. Kc7 Qc5+ 73. Kd8 Qd6+ 74. Kc8 Qc6+ 75. Kb8 Kf3 76. Ka7 Qc7 77. Ka8
Qa5+ 78. Kb8 Ke4 79. Kc8 Qc5+ 80. Kd7 Qb6 81. Kc8 Qc6+ 82. Kb8 Kd5 83. Ka7 Qc7
84. Ka8 Qa5+ 85. Kb8 Kc6 0-1

[Event "PNWCC Super G60 2021.01 Gp1"]
[Site "chess.com INT"]
[Date "2021.01.16"]
[Round "3.14"]
[White "Zhao, Erick"]
[Black "Talukdar, Rohan"]
[Result "0-1"]
[WhiteElo "2039"]
[BlackElo "2341"]
[PlyCount "74"]
[EventDate "2021.01.16"]
[EventType "swiss (corr)"]
[EventRounds "6"]
[EventCountry "NET"]
[Source "Mark Crowther"]
[SourceDate "2021.01.18"]

1. e4 c5 2. Nf3 d6 3. d4 cxd4 4. Nxd4 Nf6 5. Nc3 a6 6. h3 e5 7. Nde2 h5 8. g3
Nbd7 9. Bg2 b5 10. O-O Be7 11. Be3 O-O 12. Qd2 Bb7 13. a4 b4 14. Nd5 Nxd5 15.
exd5 a5 16. c3 bxc3 17. Nxc3 Ba6 18. Rfc1 f5 19. Nb5 Bxb5 20. axb5 h4 21. Rc6
e4 22. Bd4 hxg3 23. fxg3 Bf6 24. Rac1 Bxd4+ 25. Qxd4 Ne5 26. b6 Qg5 27. R1c3 f4
28. Qxe4 Rae8 29. Rxd6 f3 30. Bf1 Qxg3+ 31. Kh1 Nd3 32. Qxd3 Re1 33. Rc2 Qxh3+
34. Kg1 f2+ 35. Rxf2 Qxd3 36. Rxf8+ Kxf8 37. b7 Qg3+ 0-1

[Event "PNWCC Super G60 2021.01 Gp1"]
[Site "chess.com INT"]
[Date "2021.01.17"]
[Round "4.15"]
[White "Talukdar, Rohan"]
[Black "Lee, Alice"]
[Result "0-1"]
[WhiteElo "2341"]
[BlackElo "1967"]
[PlyCount "154"]
[EventDate "2021.01.16"]
[EventType "swiss (corr)"]
[EventRounds "6"]
[EventCountry "NET"]
[Source "Mark Crowther"]
[SourceDate "2021.01.18"]

1. e4 c6 2. d4 d5 3. Nc3 dxe4 4. Nxe4 Nf6 5. Nxf6+ exf6 6. c3 Bd6 7. Bd3 O-O 8.
Qc2 Re8+ 9. Ne2 h5 10. Be3 Nd7 11. O-O-O Nf8 12. Kb1 Be6 13. c4 Rc8 14. a3 g6
15. Nc3 f5 16. Qd2 a6 17. d5 cxd5 18. cxd5 Bd7 19. Bd4 Be5 20. Bxe5 Rxe5 21. h3
Nh7 22. Qf4 Qf6 23. Qb4 b5 24. Rhe1 Rce8 25. Rxe5 Qxe5 26. Rd2 Nf6 27. Re2 Qc7
28. a4 a5 29. Qd4 b4 30. Qxf6 bxc3 31. Qxc3 Qxc3 32. Rxe8+ Bxe8 33. bxc3 Bxa4
34. c4 Kf8 35. Bc2 Bd7 36. Kb2 Ke7 37. Kc3 h4 38. c5 f4 39. Be4 f5 40. d6+ Ke6
41. Bb7 Bb5 42. Kd4 a4 43. Bd5+ Kd7 44. Ke5 a3 45. f3 Ba4 46. Kxf4 Bc6 47. Ba2
Bb5 48. Ke5 Bf1 49. c6+ Kxc6 50. Ke6 Bb5 51. Ke7 Kc5 52. d7 Bxd7 53. Kxd7 Kd4
54. Ke6 Ke3 55. Kf6 Kf2 56. Kxg6 Kxg2 57. Kxf5 Kxh3 58. Kg5 Kg3 59. f4 h3 60.
f5 h2 61. Bd5 a2 62. Bxa2 h1=Q 63. f6 Qc1+ 64. Kg6 Qc2+ 65. Kg7 Qc3 66. Kg6
Qd3+ 67. Kg7 Qd4 68. Kg6 Qe4+ 69. Kg7 Qe5 70. Kg6 Kg4 71. f7 Qh8 72. Be6+ Kf4
73. Bd7 Ke5 74. Be8 Ke6 75. Kg5 Qg7+ 76. Kh5 Kf5 77. Bd7+ Kf4 0-1

[Event "PNWCC Super G60 2021.01 Gp1"]
[Site "chess.com INT"]
[Date "2021.01.17"]
[Round "5.16"]
[White "Talukdar, Rohan"]
[Black "Xie, Bryan"]
[Result "1-0"]
[WhiteElo "2341"]
[BlackElo "2050"]
[PlyCount "67"]
[EventDate "2021.01.16"]
[EventType "swiss (corr)"]
[EventRounds "6"]
[EventCountry "NET"]
[Source "Mark Crowther"]
[SourceDate "2021.01.18"]

1. e4 c5 2. Nc3 Nc6 3. Bb5 e6 4. Bxc6 dxc6 5. f4 Nf6 6. Nf3 Be7 7. O-O O-O 8.
d3 b6 9. Qe2 Qc7 10. e5 Nd7 11. Ne4 Rd8 12. Bd2 Nf8 13. Rad1 a5 14. g4 Ng6 15.
Qe3 Ba6 16. Bc3 Qc8 17. Ne1 Rd5 18. Ng2 b5 19. b3 c4 20. bxc4 bxc4 21. d4 c5
22. f5 cxd4 23. Rxd4 Nxe5 24. f6 Nxg4 25. Qg3 Bc5 26. Nxc5 Qxc5 27. Qxg4 Rg5
28. Qf3 Ra7 29. Qe3 Rd7 30. Qxg5 Qxg5 31. Rxd7 Qc5+ 32. Kh1 Qf8 33. fxg7 Qe8
34. Rfd1 1-0